Online Catalogue and eLibrary

The tragedy of a mystery : (Record no. 3119)

MARC details
000 -LEADER
fixed length control field 00427nam a2200145Ia 4500
005 - DATE AND TIME OF LATEST TRANSACTION
control field 20240927083918.0
008 - FIXED-LENGTH DATA ELEMENTS--GENERAL INFORMATION
fixed length control field 240331s9999 xx 000 0 und d
082 ## - DDC Classification
Item Number - Author Mark MEN
Class No. 808
100 ## - MAIN ENTRY--PERSONAL NAME
Personal name Mendis, R
245 #4 - TITLE STATEMENT
Title The tragedy of a mystery :
Remainder of title a Ceylon story
260 ## - PUBLICATION, DISTRIBUTION, ETC.
Place of publication, distribution, etc. London
Name of publisher, distributor, etc. Arthur H. Stock well, Ltd
Date of publication, distribution, etc. 1928
300 ## - PHYSICAL DESCRIPTION
Extent (e.g. Volumes, Pages etc.) 144 p .,
500 ## - GENERAL NOTE
General note - my son Lia & other Stories<br/>- Nandhimitta ( A historical Novel)
942 ## - Koha item type (Biblio)
Koha item type Books in Stacks (Lending)
Holdings
Lost status Damaged status Collection code Home library Current library Shelving location Date acquired Full call number Accession Number Item type
    Lending WERC Library WERC Library Social Science Cupboard 03/31/2024 808 MEN 5811 Books in Stacks (Lending)

© WERC Library